000 00220nam a2200097Ia 4500
008 170619s9999 xx 000 0 und d
100 _aKumar- S
245 0 _aCommunication Skills
260 _bOxford Uni. Press
260 _c2012
546 _aENGLISH
999 _c21178
_d21178